000 00457nam a2200193Ia 4500
003 OSt
005 20221005120642.0
006 a|||||r|||| 00| 0
007 ta
008 221004b |||||||| |||| 00| 0 eng d
024 _a112957
037 _cTextual
040 _aCRL
_cCRL
_beng
041 _2eng
_aeng
100 _aBhatt
245 0 _aEpartemology of Bhutta School of Purva Mimansa
942 _cTEXL
_2cc
999 _c1038694
_d1038694